History Quiz

Random History or Politics Quiz

Profile: Martin Luther King Jr. Quiz Stats

Quiz Updated Jan 16, 2017

Challenge
Share
Tweet
Embed
Score 0/26 Timer 05:00
0 Plays Today
Fact Answer % Correct
Number of ChildrenYolanda, Martin, Dexter, Bernice
81%
State of BirthGeorgia
78.2%
Year of Assassination1968
77.9%
In 1964, he traveled to Oslo to receive this awardNobel Peace Prize
75.1%
Delivered this famous speech at the above march'I Have a Dream'
74.4%
City of BirthAtlanta
74.2%
State where AssassinatedTennessee
72.8%
Helped lead the March on this city in 1963Washington, D.C.
70.4%
City where AssassinatedMemphis
70%
Year of Birth1929
69%
Month and Day of birthJanuary 15
66.5%
Religious DenominationProgressive Baptist
64.7%
Espoused the non-violent teachings of this manMahatma Gandhi
63.1%
Fact Answer % Correct
Organized a bus boycott in this city in 1955Montgomery, AL
62.1%
Name of WifeCoretta Scott
52.2%
The march to the Alabama state capital began in this city in 1965Selma, AL
49.8%
This band's 'Pride (In the Name of Love)' is about himU2
46.9%
Name of AssassinJames Earl Ray
38.4%
Month and Day of AssassinationApril 4
37%
Field of his Doctoratesystematic theology
35.4%
Undergraduate CollegeMorehouse College
26.4%
Graduate School for Ph.D.Boston University
24.7%
Original Birth NameMichael King Jr.
24.5%
Undergraduate MajorSociology
18.2%
Co-founded this civil rights organization in 1957Southern Christian Leadership Conference
17.7%
Second Bachelors Degree DisciplineDivinity
15.2%

You're not logged in!

Compare scores with friends on all Sporcle quizzes.
Join for Free
OR
Log In

You Might Also Like...

Show Comments

Extras

Top Quizzes Today


Score Distribution

Your Account Isn't Verified!

In order to create a playlist on Sporcle, you need to verify the email address you used during registration. Go to your Sporcle Settings to finish the process.

Report this User

Report this user for behavior that violates our Community Guidelines.

Details: